LEADER 00924nam a2200253 i 4500 001 000000035280 003 CaOOAMICUS 005 20091118000000.0 008 091118s1986 it u000 u ita u 013 $a3327 020 $a88-311-3284-9 040 $aSeMil$bita 245 10$a2. 260 $aRoma :$bCittà Nuova,$c1986. 300 $a327 p. ;$c22 cm. 650 4$aSacramenti - Studi.$0(OLS)http://semarc/subject/272 773 0 $tCorso di teologia.$dRoma : Città Nuova, 1982.$g3$w()10402 773 0 $tChiesa salvezza dell'uomo.$dRoma : Città Nuova, 1984-1986.$g2$w()22469 850 $aSeMil 852 $aSeMil$W1$xVenegono$y1$m2B V 394$j1435$B1435$CSeMilBibl$Z2$F1435 $81 961 $aAcquisto: Centro Vendite Curia 996 $6020$a88-311-3284-9$9(OLS)http://semarc/number/3419 996 $6245$a2$9(OLS)http://semarc/title/46889 996 $6260$aRoma :$bCittà Nuova$9(OLS)http://semarc/publisher/29609 LEADER 00717nab a2200145 i 4500 001 000000284031 003 CaOOAMICUS 005 20180831165248.0 008 180831n xx uu u0 0und r 013 $a37263 040 $aSeMil$bita 245 13$aIl Concilio come bussola ; Parlare agli adulti :$bcon quali attenzioni? ; Seguire : primo verbo della fede ; Dossier : Chi disturba nella liturgia? - Titoli dalla copertina. 500 $aSettembre 2012. 773 0 $t2012-2013.$dTorino : Elledici, 2013.$w()238707 996 $6245$aIl Concilio come bussola ; Parlare agli adulti :$bcon quali attenzioni? ; Seguire : primo verbo della fede ; Dossier : Chi disturba nella liturgia? - Titoli dalla copertina$9(OLS)http://semarc/title/365400